| 000 | 01017nas a2200253 i 4500 | ||
|---|---|---|---|
| 001 | 2487 | ||
| 003 | ES-MaACL | ||
| 005 | 20250217134638.0 | ||
| 007 | t| | ||
| 008 | 950801d1924193ufr | | 1 ||pa d | ||
| 245 | 0 | 0 |
_aAnnuaire national des syndicats d'initiatives _b: renseignements sur les stations climatiques, thermales et de tourisme... / _cUnion des fédérations des syndicats d'initiatives ["puis" E.S.S.I.] de France, colonies et protectorats U.F.S.I. ["puis" U.F. E.S.S.I.] ; dir. M. Pierre Andigier. |
| 250 | _aEd. española. | ||
| 260 |
_a[Paris] : _bUnion des Fédérations des Syndicats d'Iniciatives, _c1924-[193-?] ( _fDubois et Bauer) |
||
| 300 |
_a3 v. ; _c23 cm. |
||
| 310 | _aAnual | ||
| 362 | 0 | _a1924/25 [I]-193? | |
| 650 | 1 | 4 |
_aDeportes. _911591 |
| 700 | 1 |
_aAndigier, Pierre, _9194501 |
|
| 710 | 2 |
_aUnion des Fédérations des Syndicats d'Inictiatives ( _cParís, _9134999 |
|
| 852 |
_aES-MaACL _jB-13585-7 |
||
| 866 | 0 | _o1930-32. | |
| 942 | _2udc | ||
| 999 |
_c2487 _d2487 |
||